The Air Force comptroller
| Corporate Authors: | , |
|---|---|
| Format: | Government Document Electronic Journal |
| Language: | English |
| Published: |
Washington, D.C. :
Office of the Comptroller, United States Air Force
|
| Series: | Recurring periodical.
|
| Subjects: | |
| Online Access: | Full text available from Research Library: 10/01/1996 to 12/31/2004 Full text available from Research Library: 01/01/2006 to 12/31/2006 Full text available from Research Library: 01/01/2008 to 12/31/2008 Full text available from Research Library: 01/01/2011 to 04/30/2017 |
MARC
| LEADER | 00000nas a2200000 a 4500 | ||
|---|---|---|---|
| 001 | ssj0012226 | ||
| 003 | WaSeSS | ||
| 005 | 20200512172242.0 | ||
| 006 | m d | ||
| 007 | cr n | ||
| 008 | 980206c19679999dcuqr pss f0 0eng c | ||
| 010 | |a 2002230276 |z 2001230258 | ||
| 022 | |y 0002-2365 | ||
| 035 | |a (WaSeSS)ssj0012226 | ||
| 040 | |a FGA |b eng |c FGA |d OCL |d GPO |d OCLCQ |d GPO |d OCLCQ |d OCLCO |d OCLCQ |d OCLCA |d OCLCQ |d OCLCA |d OCLCF |d OCL |d OCLCQ |d WT2 |d OCLCA |d INARC |d GILDS |d GPO |d OCLCQ |d WYU |d VT2 |d OCLCQ |d OCLCO |d WaSeSS | ||
| 042 | |a pcc | ||
| 043 | |a n-us--- | ||
| 050 | 4 | |a UG633 |b .U48a | |
| 050 | 4 | |a UG1 |b .A298 | |
| 074 | |a 0421-C (online) | ||
| 086 | 0 | |a D 301.73: | |
| 130 | 0 | |a Air Force comptroller (Online) | |
| 245 | 1 | 4 | |a The Air Force comptroller |h [electronic resource]. |
| 246 | 1 | |i Some issues for <Vol. 32, no. 1, Jan. 1998-> display cover title from paper version: |a SAF/FM the Air Force Comptroller | |
| 260 | |a Washington, D.C. : |b Office of the Comptroller, United States Air Force | ||
| 310 | |a Four no. a year | ||
| 362 | 1 | |a Print began with v. 1, no. 1 (Oct. 1967). | |
| 490 | 1 | |a <Jan. 1998-> Recurring periodical | |
| 500 | |a Some volumes distributed to depository libraries in print version, ending with issue for <Oct. 1999> | ||
| 500 | |a No longer freely available to the public; some archived issues accessible via PURL. | ||
| 506 | |a License restrictions may limit access. | ||
| 538 | |a Mode of access: Internet at the SAFFM web site (only latest 4 years retained). Address as of 10/31/01: http://www.saffm.hq.af.mil/FMP/compmag.html; current access via commercial subscription databases or U.S. military CAC. | ||
| 550 | |a Volumes for <Jan. 1998-> published by the Assistant Secretary of the Air Force (Financial Management and Comptroller). | ||
| 588 | 0 | |a Vol. 30, issue 4 (Oct. 1, 1996); title from title screen (viewed Feb. 5, 1998). | |
| 588 | 1 | |a Vol. 35, no. 4 (Oct. 2001). | |
| 610 | 1 | 0 | |a United States. |b Air Force |x Accounting |v Periodicals. |
| 610 | 1 | 7 | |a United States. |b Air Force. |2 fast |0 (OCoLC)fst00538280 |
| 650 | 7 | |a Armed Forces |x Accounting. |2 fast |0 (OCoLC)fst01351724 | |
| 655 | 0 | |a Electronic journals. | |
| 710 | 1 | |a United States. |b Air Force. |b Office of Comptroller. | |
| 710 | 1 | |a United States. |b Department of the Air Force. |b Financial Management and Comptroller. | |
| 776 | 0 | 8 | |i Print version: |t Air Force comptroller |x 0002-2365 |w (DLC)sf 79010104 |w (OCoLC)1696318 |
| 830 | 0 | |a Recurring periodical. | |
| 856 | 4 | 0 | |z Full text available from Research Library: 10/01/1996 to 12/31/2004 |u https://search.proquest.com/publication/47215 |
| 856 | 4 | 0 | |z Full text available from Research Library: 01/01/2006 to 12/31/2006 |u https://search.proquest.com/publication/47215 |
| 856 | 4 | 0 | |z Full text available from Research Library: 01/01/2008 to 12/31/2008 |u https://search.proquest.com/publication/47215 |
| 856 | 4 | 0 | |z Full text available from Research Library: 01/01/2011 to 04/30/2017 |u https://search.proquest.com/publication/47215 |